Sonic the Hedgehog (2020): Characters by Picture - Statistics

General Stats
  • This quiz has been taken 121 times
  • The average score is 8 of 11
Answer Stats
Picture Answer % Correct
Sonic
97%
Dr. Ivo Robotnik
96%
Tails
87%
Tom Wachowski
86%
Agent Stone
80%
Maddie Wachowski
76%
Longclaw
73%
Wade Whipple
71%
Rachel
61%
Commander Walters
51%
Crazy Carl
46%
No matching quizzes found
Score Distribution
Percent of People with Each Score
Percentile by Number Answered
Your Score History
You have not taken this quiz